000 00504nam a22001697a 4500
005 20251108165311.0
008 250721s1985 xx 000 0 ara d
082 1 4 _a956.52/فاي
100 1 _aجابر، فايز فهد
_eمؤلف
245 1 0 _aالقدس :
_bماضيها - حاضرها- مستقبلها /
264 1 _aعمان :
_bدار الجليل،
_c1985.
300 _a277ص.
650 1 7 _aتاريخ فلسطين
650 1 7 _aتاريخ القدس
942 _2ddc
_cBK
999 _c24517
_d24517